000 00536nam a22001937a 4500
003 OSt
005 20140704182024.0
008 140704b xxu||||| |||| 00| 0 eng d
020 _a9781444120639
040 _cDNLM
082 _aWM100 P881t 2011
_bP
245 _aPractical forensic psychiatry
260 _aGreat Britain:
_bArnold,
_c2011.
300 _ax,294p;
_bill
_c23.5cm
504 _aReferences, index included
650 _aPsychiatry
_9351
700 _aEdited by Clark Tom, Rooprai Dharjinder Singh
_9352
942 _2z
_cO_SHELF
999 _c131
_d131